La catedral de Santiago de Chile
| Main Authors: | , |
|---|---|
| Format: | Section = Libro |
| Language: | Undetermined Spanish |
| Published: |
Chile
Del Instituto de Historia de la Arquitectura
1955
|
| Subjects: |
| LEADER | 00491nam a2200181Ia 4500 | ||
|---|---|---|---|
| 008 | 240829s9999 xx 000 0 und d | ||
| 040 | |a BIBLIOTECA-RUSB/ 720.983 I24 | ||
| 041 | |a spa | ||
| 082 | |a 720.983 I24 | ||
| 100 | 1 | |a Iglesias, Augusto | |
| 100 | 1 | |b Porte, Enrique | |
| 245 | 1 | 0 | |a La catedral de Santiago de Chile |
| 260 | |a Chile |b Del Instituto de Historia de la Arquitectura |c 1955 | ||
| 300 | |a 71 p. :il. | ||
| 650 | 7 | |a ARQUITECTURA-CHILE | |
| 942 | |c BK |2 ddc | ||
| 991 | |a TEXTO | ||
| 999 | |c 5087 | ||